<?xml version="1.0" encoding="UTF-8"?>
<record
    xmlns:xsi="http://www.w3.org/2001/XMLSchema-instance"
    xsi:schemaLocation="http://www.loc.gov/MARC21/slim http://www.loc.gov/standards/marcxml/schema/MARC21slim.xsd"
    xmlns="http://www.loc.gov/MARC21/slim">

  <leader>01994nam a2200277 a 4500</leader>
  <controlfield tag="005">20141128164819.0</controlfield>
  <controlfield tag="008">140124b2005    ck ||||| |||| 00| 0 spa d</controlfield>
  <datafield tag="040" ind1=" " ind2=" ">
    <subfield code="c">Establecimientos y evaluaci&#xF3;n de herramientas de manejo del paisaje</subfield>
  </datafield>
  <datafield tag="041" ind1=" " ind2=" ">
    <subfield code="a">spa</subfield>
  </datafield>
  <datafield tag="044" ind1=" " ind2=" ">
    <subfield code="a">ck</subfield>
  </datafield>
  <datafield tag="090" ind1=" " ind2=" ">
    <subfield code="a">IAVH</subfield>
    <subfield code="b">00423</subfield>
  </datafield>
  <datafield tag="100" ind1=" " ind2=" ">
    <subfield code="a">Arcila, Angela Mar&#xED;a</subfield>
    <subfield code="9">4984</subfield>
  </datafield>
  <datafield tag="245" ind1=" " ind2=" ">
    <subfield code="a">Impacto e historia de la introducci&#xF3;n de la hormiga loca (Paratrechina fulva) a Colombia</subfield>
    <subfield code="b">informe final</subfield>
  </datafield>
  <datafield tag="260" ind1=" " ind2=" ">
    <subfield code="a">Cali</subfield>
    <subfield code="b">Instituto Alexander von Humboldt</subfield>
    <subfield code="c">2005</subfield>
  </datafield>
  <datafield tag="300" ind1=" " ind2=" ">
    <subfield code="a">91 p.</subfield>
  </datafield>
  <datafield tag="520" ind1=" " ind2=" ">
    <subfield code="a">Despu&#xE9;s de la p&#xE9;rdida de h&#xE1;bitat, las invasiones biol&#xF3;gicas se consideran la segunda causa m&#xE1;s importante de p&#xE9;rdida de biodiversidad en el mundo. Las hormigas invasoras conforman un subconjunto de por lo menos 150 especies. Este estudio de la hormiga loca, originaria de Brasil e introducida en Colombia hace m&#xE1;s de 30 a&#xF1;os, pretende recopilar informaci&#xF3;n sobre la especie en Brasil y otros pa&#xED;ses, sobre su biolog&#xED;a, documentar la historia de su introducci&#xF3;n en Colombia y su avance en el territorio, construir una base de datos de localidades georreferenciadas donde se registra su presencia y de informaci&#xF3;n bibliogr&#xE1;fica, construir mapas de distribuci&#xF3;n y dispersi&#xF3;n en el pa&#xED;s, identificar los sistemas con mayor frecuencia de invasi&#xF3;n, conocer los impactos ecol&#xF3;gicos y econ&#xF3;micos sobre los ecosistemas nativos y agroecosistemas, identificar factores bi&#xF3;ticos y abi&#xF3;ticos, recopilar informaci&#xF3;n sobre manejo y control de la especie y evaluar la densidad de poblaci&#xF3;n actual de la hormiga mediante muestreos en Valle del Cauca, Cauca, Caldas, Santander y Boyac&#xE1;</subfield>
  </datafield>
  <datafield tag="650" ind1=" " ind2=" ">
    <subfield code="a">Invasores biol&#xF3;gicos</subfield>
    <subfield code="9">4985</subfield>
  </datafield>
  <datafield tag="650" ind1=" " ind2=" ">
    <subfield code="a">Hormiga loca</subfield>
    <subfield code="9">4986</subfield>
  </datafield>
  <datafield tag="650" ind1=" " ind2=" ">
    <subfield code="a">Impacto</subfield>
    <subfield code="9">29370</subfield>
  </datafield>
  <datafield tag="650" ind1=" " ind2=" ">
    <subfield code="a">Historia</subfield>
    <subfield code="9">29371</subfield>
  </datafield>
  <datafield tag="650" ind1=" " ind2=" ">
    <subfield code="a">B&#xFA;squeda y an&#xE1;lisis de informaci&#xF3;n</subfield>
    <subfield code="9">4988</subfield>
  </datafield>
  <datafield tag="650" ind1=" " ind2=" ">
    <subfield code="a">Monitoreo de poblaciones</subfield>
    <subfield code="9">4989</subfield>
  </datafield>
  <datafield tag="700" ind1=" " ind2=" ">
    <subfield code="a">Quintero, Mar&#xED;a Paulina</subfield>
    <subfield code="9">4990</subfield>
  </datafield>
  <datafield tag="942" ind1=" " ind2=" ">
    <subfield code="c">INFORME</subfield>
    <subfield code="2">z</subfield>
  </datafield>
  <datafield tag="945" ind1=" " ind2=" ">
    <subfield code="d">2005-11-10</subfield>
  </datafield>
  <datafield tag="999" ind1=" " ind2=" ">
    <subfield code="c">4790</subfield>
    <subfield code="d">4790</subfield>
  </datafield>
  <datafield tag="952" ind1=" " ind2=" ">
    <subfield code="0">0</subfield>
    <subfield code="1">0</subfield>
    <subfield code="2">z</subfield>
    <subfield code="4">0</subfield>
    <subfield code="7">0</subfield>
    <subfield code="8">HUMBOLDT</subfield>
    <subfield code="I">INV2017</subfield>
    <subfield code="a">Bogota</subfield>
    <subfield code="b">Bogota</subfield>
    <subfield code="d">2005-11-10</subfield>
    <subfield code="e">CID Humboldt</subfield>
    <subfield code="l">0</subfield>
    <subfield code="o">IAVH-00423</subfield>
    <subfield code="p">022152</subfield>
    <subfield code="r">2024-08-09 00:00:00</subfield>
    <subfield code="t">Ej. 1</subfield>
    <subfield code="w">2012-12-04</subfield>
    <subfield code="x">Dep&#xF3;sito Institucional</subfield>
    <subfield code="y">INFORME</subfield>
  </datafield>
</record>
